| 000 | 00718nam a22002657a 4500 | ||
|---|---|---|---|
| 003 | CHAP | ||
| 005 | 20220817042858.0 | ||
| 008 | 971013s1963 r 00010 d | ||
| 010 | _a58628 | ||
| 011 | _a59600 | ||
| 035 | _a63760 | ||
| 040 | _cCHAP | ||
| 082 |
_a636.5 _bS84 |
||
| 100 | 0 | 0 |
_aSykes, Geoffrey. _9110911 |
| 245 |
_aPoultry _b: a modern agribusiness |
||
| 260 |
_aLondon : _bLockwood, _c1963 |
||
| 300 | _a242 p. | ||
| 590 |
_aBATCH-UPD _b10 _c20130110 _lUCH01 _h0345 |
||
| 590 |
_aBATCH-UPD _b10 _c20130110 _lUCH01 _h2030 |
||
| 590 |
_aCONVERSION _b10 _c20130109 _lUCH01 _h1331 |
||
| 650 | 1 | 4 | _aAvicultura. |
| 901 | _aBK | ||
| 942 | _cLIBRO | ||
| 949 |
_a636.5 S84 _bBC _cBPA _d-137455 _eBPA _h24656 _i63760 _si |
||
| 999 |
_c58628 _d58628 |
||